000 01252nam a2200253Ia 4500
003 OSt
005 20210514094727.0
008 210310s2011 wauad gr 000 0 eng d
040 _aCO-JMCR
_cCO-JMCR
041 0 _aeng
082 0 4 _a330.9805 /
_bI572o
_223
100 1 _aIzquierdo, Alejandro,
_eautor
_916733
245 1 0 _aOne region, two speeds? :
_bchallenges of the new global economic order for Latin america and the Caribbean /
_cAlejandro Izquierdo, Ernesto Talvi
260 _aWashington :
_bInter-American Development Bank,
_c2011.
300 _a57 páginas :
_bilustraciones y gráficas a color ;
_c25 cm.
501 _aCon: notas a pie de página.
504 _aBibliografía: páginas 49-51.
505 0 _aTwo Latin Americas during and after the Global Crisis: who benefited, who was hurt and why? -- What´s next? Latin America and the Caribbean´s insertion into the post-finasncial crisis new global economic order. -- Building Latin America and the Caribbean´s decade: policy chanllenges for the new global economic order.
650 1 4 _aEconomic conditions
_96631
650 2 4 _aCase studies.
_937620
650 2 4 _aInternational economic relations
_937621
700 1 _aTalvi, Ernesto,
_eCoordinador
_937622
942 _2ddc
_cBK
999 _c11721
_d11721